Сучасність (Запис № 323166)

МАРК-запис
000 -Лідер
fixed length control field 00793nam a22002657a 4500
003 - Ідентифікатор контрольного номера
control field UA-OsUOA
001 - Контрольний номер
control field 36945
007 - Фіксоване поле фізичного опису
fixed length control field ta
008 - Елементи даних фіксованої довжини – загальна інформація
fixed length control field 20060217b un ||||| |||| 00| 0 ukr d
090 ## - Локальний шифр розміщення
Класифікаційний індекс УДК 82
Авторський знак (НП) С11
040 ## - Джерело каталогізації
Агенція оригінальної каталогізації UA-OsUOA
Мова каталогізації ukr
Агенція, яка здійснювала перезапис UA-OsUOA
Агенція, яка здійснювала модифікацію UA-OsUOA
041 ## - Код мови
Код мови тексту/ звукової доріжки чи окремого заголовка (П) ukr
080 ## - Індекс Універсальної десяткової класифікації
Індекс Універсальної десяткової класифікації (УДК) (НП) 82
022 ## - Міжнародний стандартний серіальний номер (ISSN)
Міжнародний стандартний серіальний номер (ISSN) 0585-8365
044 ## - Код країни видавця/ виробника
Код країни видавця/ виробника (П) UA
099 ## - Місцевий розмір звичайного тексту (OCLC)
Передплатний індекс 74459
245 ## - Відомості про назву
Назва (НП) Сучасність
Решта назви (НП) Література, мистецтво, наука, суспільне життя
Дані про відповідальність (НП) Гол. ред.Римарук І.
260 ## - Публікація, розповсюдження і т.п. (Вихідні дані)
Місце публікації, розповсюдження і т.п. (П) К.
246 31 - Інша форма назви
Назва (НП) Щомісячний часопис незалежної української думки
Номер частини/ розділ роботи (П)
300 ## - Фізичний опис
Обсяг 160 с.
650 #7 - Додаткове предметне введення – тематичний термін
Тематичний термін чи географічна назва, як елемент введення (НП) 82 Література. Літературознавство
Джерело заголовка чи терміна UDC
942 ## - Додаткові елементи входу (Коха)
Тип елемента Koha Журнал
955 ## - Код типу видання за змістом
Код типу видання за змістом (НП) Науково-популярні видання
962 ## - Рік початку публікації
-- 1961

Немає доступних примірників.